Lễ tục hôn nhân các dân tộc ở xứ Nghệ
Giới thiệu lễ tục hôn nhân của người Chứt, người Khơ Mú, người Ơ Đu, người Thổ,...
Đã lưu trong:
| Tác giả chính: | |
|---|---|
| Định dạng: | Sách |
| Năm xuất bản: |
H.
Sân khấu
2019
|
| Chủ đề: | |
| Tags: |
Thêm thẻ
Không có thẻ, Hãy là người đầu tiên gắn thẻ bản ghi này!
|
| LEADER | 00810nam a2200157 4500 | ||
|---|---|---|---|
| 999 | |c 16084 |d 16084 | ||
| 082 | |a 392.5 |b L250T | ||
| 100 | |a Lê Tài Hòe | ||
| 245 | |a Lễ tục hôn nhân các dân tộc ở xứ Nghệ |c Lê Tài Hòe | ||
| 260 | |a H. |b Sân khấu |c 2019 | ||
| 300 | |a 511 tr. |c 21 cm | ||
| 500 | |a ĐTTS ghi: Liên hiệp các hội văn học nghệ thuật Việt Nam. Hội văn nghệ các dân tộc thiểu số Việt Nam | ||
| 520 | |a Giới thiệu lễ tục hôn nhân của người Chứt, người Khơ Mú, người Ơ Đu, người Thổ,... | ||
| 653 | |a Văn hóa dân gian |a Nghệ An |a Dân tộc thiểu số |a Hôn nhân | ||
| 942 | |2 ddc |c SH | ||
| 952 | |0 0 |1 0 |2 ddc |4 0 |6 392_500000000000000_L250T |7 0 |8 300 |9 118343 |a qbu |b qbu |c D2 |d 2020-06-17 |g 80000 |o 392.5 L250T |p 13286.C1 |r 2020-06-17 |w 2020-06-17 |y SH | ||